| 000 | 00410nam a22001817a 4500 | ||
|---|---|---|---|
| 003 | Ost | ||
| 005 | 20220902182321.0 | ||
| 008 | 220902b |||||||| |||| 00| 0 eng d | ||
| 020 | _aNA | ||
| 040 | _cBT-PhCST | ||
| 050 | _a4569 | ||
| 082 |
_222 _a005.432 |
||
| 100 |
_aNA _cNIIT |
||
| 245 | _aOperating system linux / | ||
| 260 |
_aIndia, _bPrentice Hall, _cc2004. |
||
| 300 |
_a0 _bill. ; |
||
| 942 |
_2ddc _cIT _01 |
||
| 999 |
_c3232 _d3232 |
||